|
|
|
|
| LEADER |
00000nab a2200000ua 4500 |
| 001 |
vtls010846741 |
| 003 |
SK-MaSNL |
| 005 |
20260303193013.0 |
| 008 |
230218s2003 xo |||||||||||||||||eng| |
| 035 |
|
|
|a (urnnbn)urn:nbn:sk:snk:ar-a075u3
|
| 035 |
|
|
|a urn:nbn:sk:snk-ab682c
|
| 035 |
|
|
|a (uuid)6c4d0760-973f-46a7-bf7d-05a1984737ff
|
| 040 |
|
|
|a SNKBUCL
|b slo
|c SNKBUCL
|e AACR2
|
| 041 |
0 |
|
|a eng
|
| 044 |
|
|
|a xo
|c SK
|
| 100 |
1 |
|
|a Janáček, Jaroslav,
|d 1949-
|4 aut
|9 108294
|
| 245 |
1 |
0 |
|a THE DESIGN OF OPTIMAL TRANSPORTATION SYSTEM STRUCTURE
|c Jaroslav Janáček, Ľuboš Buzna, Ľudmila Jánošíková, Peter Bednár, Petr Cenek
|
| 700 |
1 |
|
|a Buzna, Ľuboš,
|d 1977-
|4 aut
|9 209596
|
| 700 |
1 |
|
|a Jánošíková, Ľudmila
|4 aut
|9 12057
|
| 700 |
1 |
|
|a Bednár, Peter
|4 aut
|9 53415
|
| 700 |
1 |
|
|a Cenek, Petr,
|d 1942-
|4 aut
|9 27029
|
| 773 |
0 |
|
|t Komunikácie : vedecké listy Žilinskej univerzity
|g Roč. 5, č. 3 (2003), s. 70-72
|
| 958 |
|
|
|a OND
|
| 958 |
|
|
|a EUIPO
|
| 958 |
|
|
|a article5
|
| 999 |
|
|
|c 2149913
|d 2151843
|